000 00571nam a22002417a 4500
003 UA-OsUOA
001 20425
007 ta
008 20031028b un ||||| |||| 00| 0 ukr d
100 _aПобережник С.
090 _a910.4:929
_bП41
942 _cBK
040 _aUA-OsUOA
_brus
_cUA-OsUOA
_dUA-OsUOA
245 _aКрутые пере-валы
300 _a237 с.
955 _a0
041 _arus
080 _a910.4:929
260 _aМосква
_bСоветская Россия
_c1975
044 _aRU
650 7 _2UDC
999 _c306602
_d306602